01594nam a2200373 a 4500001001200000003000800012006001900020007001500039008004100054010001700095020002800112020003500140040002100175035002000196050002300216082001600239245013600255260007200391300002500463490006500488504006400553533015200617650005300769650002900822650004800851655002900899700002000928700001900948700002700967710001700994830006601011856012601077999001701203ebr10016699CaPaEBRm u cr cn|||||||||010209s2001 enka sb 001 0 eng  z 2001030233 z1853595373 (alk. paper) z1853595365 (pbk. : alk. paper) aCaPaEBRcCaPaEBR a(OCoLC)5121737014aP94.6b.D48 2001eb04a370.11722100aDeveloping intercultural competence in practiceh[electronic resource] /cedited by Michael Byram, Adam Nichols, and David Stevens. aClevedon, England ;aBuffalo, N.Y. :bMultilingual Matters,cc2001. aviii, 283 p. :bill.1 aLanguages for intercultural communication and education ;v1 aIncludes bibliographical references (p. 277-281) and index. aElectronic reproduction.bPalo Alto, Calif. :cebrary,d2013.nAvailable via World Wide Web.nAccess may be limited to ebrary affiliated libraries. 0aIntercultural communicationxStudy and teaching. 0aMulticultural education. 0aLanguage and languagesxStudy and teaching. 7aElectronic books.2local1 aByram, Michael.1 aNichols, Adam.1 aStevens, David,d1952-2 aebrary, Inc. 0aLanguages for intercultural communication and education ;v1.40uhttp://site.ebrary.com/lib/rucke/Doc?id=10016699zAn electronic book accessible through the World Wide Web; click to view c26207d26207